000 00330nam a2200133 i 4500
001 bg
100 1 _aPOLAŃSKI, S.
245 0 _aGeometria wykreślna :
_bpodstawy zapisu wykreślnego... /
_cS. Polański.
260 _aLublin,
_c1985.
040 _cBPK
041 _apol
942 _cKS
008 s pl f |000 0 pol
999 _c3131
_d3131
856 _uhttp://koha.tu.koszalin.pl/cgi-bin/koha/opac-detail.pl?biblionumber=3131
_yKatalog online BPK